000 00356nam a2200145Ia 4500
005 20251222143150.0
008 251222s9999||||xx |||||||||||||| ||spa||
020 _a970-10-2661-6
082 _a658.15/R84/2000
100 _aRoss, Stephen A.
245 0 _aFinanzas Corporativas
250 _a5a.ed.
264 _bMcGRAW-HILL INTERAMERICANA
942 _cLIB
999 _c12646
_d12646